| 000 | 00444nam a2200145Ia 4500 | ||
|---|---|---|---|
| 003 | OSt | ||
| 005 | 20260202104551.0 | ||
| 008 | 211028s2019 xx 000 0 und d | ||
| 040 | _cAIMIT LIBRARY | ||
| 041 | _aeng | ||
| 100 |
_aPinto, Aden William; D'souza, Lestan. _g1716007 _97988 |
||
| 245 | _aStudy on customer satisfaction towards products and services offered by Malaika / | ||
| 260 |
_aMangalore _bVinay Krishna _c2019 |
||
| 942 |
_2ddc _cPRO |
||
| 999 |
_c219556 _d219556 |
||